Text book of physics for the pre-degree course, Part-II / (Record no. 238)
[ view plain ]
| 000 -LEADER | |
|---|---|
| fixed length control field | 00593cam a2200241ua 4500 |
| 041 ## - LANGUAGE CODE | |
| Language code of text/sound track or separate title | eng |
| 082 ## - DEWEY DECIMAL CLASSIFICATION NUMBER | |
| Classification number | 530 |
| Item number | OUS/TE |
| 100 ## - MAIN ENTRY--AUTHOR NAME | |
| Personal name | Ouseph, C C. |
| 245 ## - TITLE STATEMENT | |
| Title | Text book of physics for the pre-degree course, Part-II / |
| 250 ## - EDITION STATEMENT | |
| Edition statement | 1 / |
| 260 ## - PUBLICATION, DISTRIBUTION, ETC. (IMPRINT) | |
| Place of publication | Chennai : |
| Name of publisher | S.Viswanathan , |
| Year of publication | 1967. |
| 300 ## - PHYSICAL DESCRIPTION | |
| Number of Pages | 352 ; . |
| 700 1# - ADDED ENTRY--PERSONAL NAME | |
| Personal name | Devassey, C P. |
| 942 ## - ADDED ENTRY ELEMENTS (KOHA) | |
| Koha item type | Books |
| Withdrawn status | Lost status | Damaged status | Home library | Current library | Date acquired | Cost, normal purchase price | Full call number | Accession Number | Koha item type | Public note |
|---|---|---|---|---|---|---|---|---|---|---|
| KAUAET | 07/04/2012 | 530 | 4997 | Books | ||||||
| Withdrawn | KAUAET | KAUAET | 07/04/2012 | 4.00 | 530 | 7223 | Books | |||
| Withdrawn | KAUAET | KAUAET | 07/04/2012 | 2.50 | 530 | 7350 | Books | |||
| Withdrawn | Damaged | KAUAET | KAUAET | 19/06/2020 | 4.00 | 530 OUS/TE | 7219 | Books | ||
| Withdrawn | Lost and Paid For | KAUAET | KAUAET | 19/06/2020 | 4.00 | 530 OUS/TE | 7222 | Books | ||
| Withdrawn | KAUAET | Sanskrit University | 07/04/2012 | 4.50 | 530 | 7349 | Books | Transferred to Sanskrit University | ||
| Withdrawn | KAUAET | Sanskrit University | 07/04/2012 | 4.00 | 530 | 7221 | Books | Transferred to Sanskrit University | ||
| Withdrawn | KAUAET | Sanskrit University | 19/06/2020 | 4.00 | 530 OUS/TE | 7220 | Books | Transferred to Sanskrit University |
